Les équipes ayant participé au valorant challengers France - Statistiques

Statistiques générales
  • Ce quiz a été pris 27 fois
    12 depuis la dernière actualisation
  • Le résultat moyen est 66 sur 94
Statistiques - réponses
Classement Equipe % Correct
5e-6e Joblife
100%
5e-6e Joblife
100%
Champion Joblife
100%
Champion Joblife
100%
Champion Joblife
100%
5e-6e Joblife
100%
Champion Joblife
100%
Champion Joblife
100%
Participant Joblife
100%
8e Mandatory
100%
3e-4e Mandatory
100%
2e Mandatory
100%
2e Mandatory
100%
2e Mandatory
100%
4e Mandatory
100%
2e Mandatory
100%
3e Mandatory
100%
2e Mandatory
100%
2e Mandatory
100%
Participant Mandatory
100%
5e Caldya Esport
91%
Participant Caldya Esport
91%
4e Galions
91%
Participant Galions
91%
Champion Gentle Mates
91%
3e-4e Valiant
91%
5e-6e Valiant
91%
3e Valiant
91%
2e Valiant
91%
5e-6e Valiant
91%
Champion Valiant
91%
3e Valiant
91%
5e-6e WIP Esports
91%
3e WIP Esports
91%
Participant WIP Esports
91%
7e-8e F9 EICAR
82%
7e F9 EICAR
82%
Participant F9 EICAR
82%
3e-4e Karmine Corp
82%
Champion SBG
82%
8e Akroma
73%
4e Akroma
73%
6e Akroma
73%
6e Esprit Shonen
73%
Participant Esprit Shonen
73%
5e Team Vitality
73%
Champion Team Vitality
73%
3e-4e ZERANCE
73%
3e-4e ZERANCE
73%
7e ZERANCE
73%
3e ZERANCE
73%
7e ZERANCE
73%
10e 3DMAX
64%
9e 3DMAX
64%
7e-8e Hide on Bush
64%
3e-4e KC Blue Stars
64%
2e KC Blue Stars
64%
5e-6e KC Blue Stars
64%
Participant Nuxeria Esport
64%
7e Solary
64%
6e Solary
64%
7e Solary
64%
9e BLX UTD
55%
10e BLX UTD
55%
5e DVM
55%
8e DVM
55%
3e-4e DVM
55%
8e Erah Esport
55%
8e Monaco Esports
55%
3e-4e beGenius ESC
45%
5e-6e beGenius ESC
45%
7e beGenius ESC
45%
5e Cicadas Gaming
45%
8e Cicadas Gaming
45%
7e Cicadas Gaming
45%
2e MAD Lions
45%
5e-6e Siko Esports
45%
5e-6e Siko Esports
45%
4e VIT.Revolution
45%
4e BLX CORP
36%
8e la Masia
36%
Champion Sector One
36%
8e Sector One
36%
2e Team BDS
36%
5e-6e Team BDS
36%
7e Valar Morghulis
36%
9e Valar Morghulis
36%
6e WYLDE
36%
7e WYLDE
36%
5e-6e WYLDE
36%
3e-4e WYLDE
36%
8e HEET
27%
3e-4e OG
18%
10e OG
18%
Aucun quiz correspondant
Distribution des résultats
% des personnes avec chaque résultat
Percentile par nombre de réponses
Votre historique - résultats
Vous n’avez pas pris ce quiz depuis la dernière actualisation